Регионална библиотека "Любен Каравелов" - Русе

Хумористичният вестник "Щурец" и неговият редактор Райко Алексиев (Запис номер 112042)

MARC детайли
000 -Лидер
Контролно поле с фиксирана дължина nam a22 a 4500
003 - Код на организацията, давaща контролен номер
Контролно поле BLK
005 - Дата и час на последна редакция
Контролно поле 20230413095941.0
008 - Елементи от данни с фиксирана дължина
fixed length control field 180409b bul|||||r ||||||| ||bul||
010 ## - Наследен системен номер
LC control number KNG00117402000
040 ## - Източник на каталожния запис
Идентификатор на билиотеката - собственик на записа BLK
041 ## - Код за език
Код за езика на текст/звукозапис или на отделно заглавие Български
Код за езика КДБФ Български
080 ## - УДК
Текстов определител УДК Редакционни работници. Журналисти
УДК код - определител по УДК 070.42
УДК определител (497.2)(092)
УДК - код + определител 070.42(497.2)(092)
080 ## - УДК
Текстов определител УДК Фра Дяволо е виден български художник, карикатурист, фейлетонист
УДК код - определител по УДК 929 Алексиев, Райко Николов
УДК - код + определител 929 Алексиев, Райко Николов
100 1# - Редна дума - Автор
Автор Чолаков, Стефан
Авторска отговорност първи автор
R(LIN) 256402
139 ## - Редно поле
Редна дума Чолаков, Стефан
Авторски знак Чол - Ч 90
245 10 - Сведения за заглавието
Заглавие Хумористичният вестник "Щурец" и неговият редактор Райко Алексиев
Подзаглавни данни Изследване
Редно поле (дума) Стефан Чолаков; с предг. от Радой Ралин.
257 ## - Страна на издаване
Страна на създаване/издаване България
260 ## - Област на издателските данни
Място на издаване, разпространение и проч. София
Име на издателя, разпространителя и проч. Унив. изд. Св. Климент Охридски
Година на издаване 1992
300 ## - Физическа характеристика
Страници 54 с., 40 л.
Илюстрации и др. с ил.
Размери/Мащаб 24 см
380 ## - Жанр
Жанр Общ отдел
500 ## - Общи забележки
Забележка Рез на бълг., англ. ез. - Офс. изд.
600 14 - Име на лице, използвано като предмет
За него / За нея Алексиев, Райко Николов
9 (RLIN) 375947
650 #4 - Допълнително описание по предмет – тема
Основно описание – тема или топоним Журналисти, български
9 (RLIN) 253846
650 #4 - Допълнително описание по предмет – тема
Основно описание – тема или топоним Вестници, български - история
9 (RLIN) 255960
650 #4 - Допълнително описание по предмет – тема
Основно описание – тема или топоним Алексиев, Райко Николов
9 (RLIN) 375947
653 ## - Ключова дума – ненормативна
Ключова дума журналисти
653 ## - Ключова дума – ненормативна
Ключова дума Райко Алексиев
653 ## - Ключова дума – ненормативна
Ключова дума вестници
653 ## - Ключова дума – ненормативна
Ключова дума България
653 ## - Ключова дума – ненормативна
Ключова дума история
700 1# - Други автори (авторска отговорност)
Лично име Ралин, Радой
Автороска отговорност (Описва отношението между автора и произведението) с предг. от
Друга информация Стоянов, Димитър Стефанов
9 (RLIN) 364208
852 ## - Местоположение
Форматна сигнатура Цб 173030
Фондова буква Хранилище
856 4# - Електронен адрес и достъп
Електронен формат pdf - файл
Инструкция (цена за достъп) 0.00
Права за достъп disable
856 4# - Електронен адрес и достъп
Електронен формат pdf - файл
Инструкция (цена за достъп) 0.00
Права за достъп disable
999 ## - СИСТЕМНИ КОНТРОЛНИ НОМЕРА
Koha biblionumber 112042
Koha biblioitemnumber 112042
942 ## - АРТИКУЛИ
Вид на библиотечния материал Книги
Скрит в OPAC Не
Koha issues (borrowed), all copies 1
Периодичен библиозапис Да
944 ## - СЪЗДАВАНЕ И РЕДАКЦИЯ на ЗАПИСА
Създаване/Редакция Създаване
Дата на регистрацията/редакция 31.01.2017
Служител, извършил регистрацията/редакцията Христина_Везирева
944 ## - СЪЗДАВАНЕ И РЕДАКЦИЯ на ЗАПИСА
Създаване/Редакция Редакция
Дата на регистрацията/редакция 02.02.2017
Служител, извършил регистрацията/редакцията Людмила_Стоянова
999 ## - СИСТЕМНИ КОНТРОЛНИ НОМЕРА
Koha biblioitemnumber 112042
Наличности
Код за отписване Код за изгубен артикул Източник на класификационната схема Код за повреда Коз за рестрикции Код за отдаване Артикулен № Име на библиотеката - собственик Име на библиотеката, в която се намира в момента Статус (Текущо местоположение) Дата на вписване в системата Местоположение - отдел Цена в лева Инвентарен номер Систематично азбучна сигнатура Баркод Номер на екземпляра Цена в евро Служебна бележка Служебен тип на артикула
  Не е изгубен Universal Decimal Classification Не е повреден без рестрикции ползва се в читалня 179759 Регионална библиотека "Любен Каравелов" Русе Регионална библиотека "Любен Каравелов" Русе Хранилище 1992-01-01 Хранилище 1.05 579080 Цб 173030 120000579080 1 0.54 Дост: Dp Вид: Сф N: стар фонд Дата: 01.01.1992 Книги
Vip Innovations Ltd, Rousse, Bulgaria 2025